| 000 | 00392nam a22001457a 4500 | ||
|---|---|---|---|
| 008 | 250507b |||||||| |||| 00| 0 eng d | ||
| 020 | _a9780393680720 | ||
| 050 |
_aCB245 _b.C56 |
||
| 100 | _aCole Joshua | ||
| 245 |
_aWestern Civilizations _bTheir History And Their Culture |
||
| 250 | _a5th | ||
| 260 |
_aCanada _bW.W. Norton and Company Inc. _c2020 |
||
| 300 | _axxxviii 1069P. | ||
| 942 | _cBK | ||
| 999 |
_c3336 _d3336 |
||